[Event "Gibtelecom Festival 2010 - Masters"]
[Site "Gibraltar ENG"]
[Date "2010.01.31"]
[Round "6.8"]
[White "Zhukova, Natalia"]
[Black "Edouard, Romain"]
[Result "1-0"]
[WhiteElo "2462"]
[BlackElo "2608"]
[PlyCount "97"]
[EventDate "2010.01.26"]
[EventType "swiss"]
[EventRounds "10"]
[EventCountry "ENG"]
[Source "lmi"]
[SourceDate "2010.01.26"]

1. d4 Nf6 2. c4 g6 3. Nc3 Bg7 4. e4 O-O 5. Nf3 d6 6. h3 Na6 7. g3 c6 8. Bg2 Be6
9. Qe2 Qc8 10. Be3 Bd7 11. Rc1 Nc7 12. Kf1 Qd8 13. Kg1 b5 14. e5 Nfe8 15. cxb5
cxb5 16. b4 a5 17. a3 axb4 18. axb4 Rb8 19. Kh2 Be6 20. Nd2 dxe5 21. dxe5 Nd5
22. Nxd5 Bxd5 23. Bxd5 Qxd5 24. Rc5 Qe6 25. Nf3 Qd7 26. Rd1 Qb7 27. Rdc1 f6 28.
Nd4 fxe5 29. Nc6 Ra8 30. Rxb5 Qd7 31. Qc4+ Kh8 32. Nxe5 Qf5 33. Nc6 Qf3 34. Nd4
Qf6 35. Qe6 Nd6 36. Ra5 Rab8 37. Qxf6 Bxf6 38. Nc6 Ra8 39. g4 g5 40. Kg2 Nb7
41. Rxa8 Rxa8 42. Nxe7 Bxe7 43. Rc7 Bxb4 44. Rxb7 Bc3 45. Bxg5 h5 46. Be3 hxg4
47. hxg4 Be5 48. f4 Bg7 49. Kf3 1-0

[Event "Gibtelecom Festival 2010 - Masters"]
[Site "Gibraltar ENG"]
[Date "2010.01.31"]
[Round "6.12"]
[White "Istratescu, Andrei"]
[Black "Vernay, Clovis"]
[Result "1/2-1/2"]
[WhiteElo "2607"]
[BlackElo "2442"]
[PlyCount "82"]
[EventDate "2010.01.26"]
[EventType "swiss"]
[EventRounds "10"]
[EventCountry "ENG"]
[Source "lmi"]
[SourceDate "2010.01.26"]

1. e4 e6 2. d4 d5 3. Nd2 dxe4 4. Nxe4 Nd7 5. Nf3 Ngf6 6. Bd3 c5 7. Nxf6+ Nxf6
8. Be3 Nd5 9. Ne5 a6 10. O-O cxd4 11. Bxd4 Nf4 12. Re1 Nxd3 13. Qxd3 Be7 14.
Rad1 O-O 15. Qg3 Bh4 16. Qc3 Be7 17. Ng4 f6 18. Bxf6 Bxf6 19. Rxd8 Bxc3 20.
Rxf8+ Kxf8 21. bxc3 Bd7 22. Rb1 b5 23. Ne5 Be8 24. c4 g5 25. h3 Rc8 26. cxb5
axb5 27. Rb2 Ke7 28. Kf1 Kd6 29. Ng4 h5 30. Ne3 Ra8 31. c4 bxc4 32. Nxc4+ Kc5
33. Ne3 Bg6 34. Kg1 Be4 35. f3 Bd5 36. Nxd5 exd5 37. Kf2 Kc4 38. Ke3 Kc3 39.
Rb3+ Kc4 40. Rb2 Kc3 41. Rb3+ Kc4 1/2-1/2

[Event "Gibtelecom Festival 2010 - Masters"]
[Site "Gibraltar ENG"]
[Date "2010.01.31"]
[Round "6.13"]
[White "Gopal, Geetha Narayanan"]
[Black "Karavade, Eesha"]
[Result "1-0"]
[WhiteElo "2584"]
[BlackElo "2405"]
[PlyCount "73"]
[EventDate "2010.01.26"]
[EventType "swiss"]
[EventRounds "10"]
[EventCountry "ENG"]
[Source "lmi"]
[SourceDate "2010.01.26"]

1. e4 e5 2. Nf3 Nc6 3. Bb5 a6 4. Ba4 Nf6 5. O-O Be7 6. Re1 b5 7. Bb3 d6 8. c3
O-O 9. h3 Na5 10. Bc2 d5 11. exd5 e4 12. Bxe4 Nxe4 13. Rxe4 Bb7 14. d3 Bxd5 15.
Re1 Qd6 16. Nbd2 f5 17. Ne5 Nc6 18. Ndf3 Nxe5 19. Nxe5 f4 20. c4 Rf5 21. cxd5
Rxe5 22. Bxf4 Rxe1+ 23. Qxe1 Qxf4 24. Qxe7 Rf8 25. Qe3 Qf5 26. Qe6+ Rf7 27.
Qe8+ Rf8 28. Qe6+ Rf7 29. f3 Qxd3 30. Rc1 Qd4+ 31. Kh1 Qf4 32. Qc8+ Rf8 33.
Qxc7 Qd4 34. d6 Qxb2 35. d7 Qd2 36. Rc6 a5 37. Re6 1-0

[Event "Gibtelecom Festival 2010 - Masters"]
[Site "Gibraltar ENG"]
[Date "2010.01.31"]
[Round "6.14"]
[White "Halkias, Stelios"]
[Black "Hirneise, Tobias"]
[Result "1-0"]
[WhiteElo "2566"]
[BlackElo "2421"]
[PlyCount "107"]
[EventDate "2010.01.26"]
[EventType "swiss"]
[EventRounds "10"]
[EventCountry "ENG"]
[Source "lmi"]
[SourceDate "2010.01.26"]

1. d4 d5 2. c4 c6 3. Nf3 Nf6 4. e3 Bf5 5. Nc3 e6 6. Nh4 Bg6 7. Be2 dxc4 8. Nxg6
hxg6 9. Bxc4 Nbd7 10. Bd2 Bd6 11. h3 Nb6 12. Be2 e5 13. dxe5 Bxe5 14. Qc2 Qe7
15. O-O Qe6 16. Qb3 Qxb3 17. axb3 O-O-O 18. Rfd1 a6 19. Kf1 Rhe8 20. Be1 Rxd1
21. Rxd1 Nfd7 22. Bc4 Nxc4 23. bxc4 Bc7 24. Ne2 Ne5 25. b3 Rd8 26. Rxd8+ Bxd8
27. Bb4 a5 28. Bc3 f6 29. Nf4 Kd7 30. Bxe5 fxe5 31. Nxg6 Ke6 32. Ke2 b5 33.
cxb5 cxb5 34. Kd3 Kf5 35. Nf8 Be7 36. e4+ Kf6 37. Nd7+ Ke6 38. Nb6 Bc5 39. Nd5
Bxf2 40. Nc7+ Kd6 41. Nxb5+ Kc5 42. Nc7 Bh4 43. Ne6+ Kb4 44. Kc2 Bf6 45. g3 Kb5
46. Kc3 Kc6 47. Kc4 Kd6 48. Nc5 Kc6 49. Nd3 g6 50. h4 Bg7 51. g4 Bf6 52. h5
gxh5 53. gxh5 Bg7 54. Nf2 1-0

[Event "Gibtelecom Festival 2010 - Masters"]
[Site "Gibraltar ENG"]
[Date "2010.01.31"]
[Round "6.15"]
[White "Maze, Sebastien"]
[Black "Houska, Jovanka"]
[Result "1-0"]
[WhiteElo "2554"]
[BlackElo "2401"]
[PlyCount "169"]
[EventDate "2010.01.26"]
[EventType "swiss"]
[EventRounds "10"]
[EventCountry "ENG"]
[Source "lmi"]
[SourceDate "2010.01.26"]

1. e4 c6 2. d4 d5 3. e5 Bf5 4. Be3 e6 5. Nd2 Nd7 6. Be2 Qb6 7. Nb3 a5 8. a4
Bb4+ 9. c3 Be7 10. Nf3 Bg6 11. h3 f6 12. O-O Qc7 13. c4 Nh6 14. Bf4 O-O 15.
cxd5 exd5 16. Bxh6 gxh6 17. e6 Nb6 18. Bd3 Kg7 19. Qc2 Qf4 20. Nbd2 Rg8 21. g3
Qd6 22. Nh4 f5 23. Nxf5+ Bxf5 24. Bxf5 Kh8 25. Nf3 Nc4 26. Rae1 Raf8 27. Ne5
Nxe5 28. Rxe5 Qb4 29. Qc3 Qxa4 30. Bc2 Qb5 31. Ra1 Rg7 32. Kg2 Bd6 33. Re3 Bb4
34. Qb3 Qb6 35. Rd1 Qc7 36. Rf3 Rxf3 37. Qxf3 Qe7 38. Qe2 Qf6 39. Qe5 Qe7 40.
Rd3 Bd6 41. Qe1 Bb4 42. Qe2 Rg6 43. Qe5+ Rf6 44. Rf3 Kg7 45. Bf5 Bd6 46. Qe2
Rf8 47. g4 Qg5 48. Rb3 Qe7 49. Qc2 Kh8 50. Qd2 Qg7 51. Kf1 Ra8 52. Rf3 Rf8 53.
Rd3 Ra8 54. Qe1 Qf6 55. Rb3 Bb4 56. Qe3 Rf8 57. Rd3 Bd6 58. Rd2 Kg7 59. Re2 Re8
60. Qd3 Re7 61. b3 Bc7 62. Qe3 Qg5 63. Qd3 Qf6 64. Qd1 Qg5 65. Re3 Bd6 66. Qd3
Kg8 67. Re2 Qc1+ 68. Kg2 Qg5 69. Re3 Bf4 70. Rf3 Bd6 71. Qe2 Qg7 72. Qe3 Bc7
73. Qd2 Qg5 74. Qc3 Bb6 75. b4 Qg7 76. bxa5 Bxd4 77. Qb4 Re8 78. a6 bxa6 79.
Qd6 Qb7 80. Bc2 Qe7 81. Qf4 Bg7 82. Qf7+ Kh8 83. Qf5 Bd4 84. Qd3 Qg7 85. Rf7
1-0

[Event "Gibtelecom Festival 2010 - Masters"]
[Site "Gibraltar ENG"]
[Date "2010.01.31"]
[Round "6.18"]
[White "Cramling, Pia"]
[Black "Camus de Solliers, Guillau"]
[Result "1-0"]
[WhiteElo "2528"]
[BlackElo "2356"]
[PlyCount "137"]
[EventDate "2010.01.26"]
[EventType "swiss"]
[EventRounds "10"]
[EventCountry "ENG"]
[Source "lmi"]
[SourceDate "2010.01.26"]

1. Nf3 Nf6 2. c4 e6 3. g3 b6 4. Bg2 Bb7 5. O-O Be7 6. Nc3 c5 7. Re1 d5 8. cxd5
Nxd5 9. Qc2 Nc6 10. b3 Rc8 11. Qb1 Bf6 12. Bb2 Nxc3 13. dxc3 O-O 14. Qc2 Qc7
15. Nd2 Rfd8 16. Rad1 Rd7 17. Ne4 Be7 18. Rxd7 Qxd7 19. Rd1 Qc7 20. c4 Rd8 21.
Rxd8+ Qxd8 22. Qd2 Qxd2 23. Nxd2 Nd8 24. Bxb7 Nxb7 25. f4 Na5 26. Kf2 Nc6 27.
Bc3 f6 28. Ke3 Kf7 29. Kd3 h5 30. h3 f5 31. Nf3 Bf6 32. a3 Bxc3 33. Kxc3 Kf6
34. b4 e5 35. b5 e4 36. bxc6 exf3 37. c7 f2 38. c8=Q f1=Q 39. Qd8+ Ke6 40. Qe8+
Kd6 41. Qg6+ Kc7 42. Qxg7+ Kb8 43. Qe5+ Kb7 44. Qxf5 Qe1+ 45. Kb3 Qxe2 46. Qd7+
Ka6 47. Qb5+ Kb7 48. Qd7+ Ka6 49. g4 Qf1 50. Qb5+ Kb7 51. Qd7+ Ka6 52. Qb5+ Kb7
53. gxh5 Qxh3+ 54. Ka2 Qh2+ 55. Qb2 Qxf4 56. Qe2 Ka6 57. Kb3 Qc1 58. Qd3 Kb7
59. Ka4 Qf4 60. Qd7+ Kb8 61. Kb5 Qe3 62. Qd8+ Kb7 63. Qd5+ Kb8 64. Kc6 Qe8+ 65.
Kd6 Qf8+ 66. Ke5 Qg7+ 67. Kf5 Qh7+ 68. Kf4 Qc2 69. Qe5+ 1-0

[Event "Gibtelecom Festival 2010 - Masters"]
[Site "Gibraltar ENG"]
[Date "2010.01.31"]
[Round "6.23"]
[White "Javakhishvili, Lela"]
[Black "Dittmar, Peter"]
[Result "1-0"]
[WhiteElo "2493"]
[BlackElo "2341"]
[PlyCount "67"]
[EventDate "2010.01.26"]
[EventType "swiss"]
[EventRounds "10"]
[EventCountry "ENG"]
[Source "lmi"]
[SourceDate "2010.01.26"]

1. d4 d5 2. c4 e6 3. Nc3 c5 4. cxd5 exd5 5. Nf3 Nc6 6. g3 Nf6 7. Bg2 Be7 8. O-O
Be6 9. dxc5 Bxc5 10. Bg5 d4 11. Bxf6 Qxf6 12. Ne4 Qe7 13. Nxc5 Qxc5 14. Rc1 Qb6
15. Ng5 Bd7 16. Qd3 h6 17. Qe4+ Kf8 18. Nf3 Rd8 19. b3 h5 20. Rfd1 Be6 21. Rd2
Rh6 22. Rcd1 Bd5 23. Qh4 f6 24. Qf4 Kg8 25. Nxd4 Bxg2 26. Kxg2 h4 27. Nf5 h3+
28. Kg1 Rh5 29. Qc4+ Kh7 30. Qg4 Rg5 31. Qxh3+ Kg8 32. Ne7+ Kf7 33. Rxd8 Nxd8
34. Qd7 1-0

[Event "Gibtelecom Festival 2010 - Masters"]
[Site "Gibraltar ENG"]
[Date "2010.01.31"]
[Round "6.24"]
[White "Cori Tello, Jorge"]
[Black "Wantiez, Fabrice"]
[Result "1-0"]
[WhiteElo "2483"]
[BlackElo "2315"]
[PlyCount "93"]
[EventDate "2010.01.26"]
[EventType "swiss"]
[EventRounds "10"]
[EventCountry "ENG"]
[Source "lmi"]
[SourceDate "2010.01.26"]

1. e4 e5 2. Nf3 Nc6 3. Bb5 a6 4. Ba4 Nf6 5. O-O Be7 6. Re1 b5 7. Bb3 d6 8. c3
O-O 9. d3 Na5 10. Bc2 c5 11. Nbd2 Re8 12. Nf1 h6 13. Ng3 Bf8 14. d4 Qc7 15. h3
cxd4 16. cxd4 exd4 17. Bf4 Nc4 18. b3 Na3 19. Bd3 Qb6 20. Qd2 Bb7 21. Qb2 d5
22. e5 Nd7 23. Nxd4 Nc5 24. Rad1 b4 25. Ngf5 a5 26. Re3 Ba6 27. Bxa6 Rxa6 28.
Rg3 Kh7 29. e6 fxe6 30. Nxg7 Re7 31. Nh5 Ne4 32. Be5 Rf7 33. Rf3 Raa7 34. Qe2
Bd6 35. Bxd6 Qxd6 36. Rxf7+ Rxf7 37. f3 Nc5 38. Re1 Kg6 39. g4 a4 40. bxa4 Qb6
41. Kg2 Ne4 42. Qd3 e5 43. Rxe4 dxe4 44. Qxe4+ Kg5 45. Qxe5+ Kh4 46. Qe1+ Kg5
47. h4+ 1-0

[Event "Gibtelecom Festival 2010 - Masters"]
[Site "Gibraltar ENG"]
[Date "2010.01.31"]
[Round "6.25"]
[White "Tozer, Philip"]
[Black "Harika, Dronavalli"]
[Result "0-1"]
[WhiteElo "2119"]
[BlackElo "2471"]
[PlyCount "104"]
[EventDate "2010.01.26"]
[EventType "swiss"]
[EventRounds "10"]
[EventCountry "ENG"]
[Source "lmi"]
[SourceDate "2010.01.26"]

1. c4 Nf6 2. g3 g6 3. Bg2 Bg7 4. Nc3 O-O 5. d3 d6 6. e4 c5 7. Nge2 Nc6 8. O-O
a6 9. h3 Rb8 10. Be3 Bd7 11. Qd2 b5 12. Rad1 bxc4 13. dxc4 Ne5 14. b3 Bxh3 15.
Bh6 Qc8 16. Bxg7 Kxg7 17. Nf4 Bd7 18. Ncd5 Ng8 19. Qc3 f6 20. Ne2 Nc6 21. Ne3
Qc7 22. f4 e5 23. Nd5 Qc8 24. Rf2 Nd4 25. Nxd4 exd4 26. Qd3 Be6 27. Re1 Re8 28.
Rfe2 Qd7 29. Bf3 a5 30. a3 Bxd5 31. cxd5 Nh6 32. Kg2 Nf7 33. Rb1 h5 34. Reb2
Qb5 35. Qd2 Qb6 36. Qd3 Rec8 37. Qc4 Rc7 38. Be2 Re7 39. Bd3 Rc7 40. Qc2 Nh6
41. e5 dxe5 42. Bxg6 exf4 43. Bxh5 f5 44. gxf4 Kh8 45. Rh1 c4 46. Be2 d3 47.
Bxd3 cxd3 48. Qxd3 Rg8+ 49. Kf3 Qg6 50. Qd4+ Kh7 51. Rbh2 Qg3+ 52. Ke2 Rc2+ 0-1

[Event "Gibtelecom Festival 2010 - Masters"]
[Site "Gibraltar ENG"]
[Date "2010.01.31"]
[Round "6.28"]
[White "Kapnisis, Spyridon"]
[Black "Marchand, Francois"]
[Result "1-0"]
[WhiteElo "2510"]
[BlackElo "2244"]
[PlyCount "57"]
[EventDate "2010.01.26"]
[EventType "swiss"]
[EventRounds "10"]
[EventCountry "ENG"]
[Source "lmi"]
[SourceDate "2010.01.26"]

1. e4 c6 2. d4 d5 3. f3 g6 4. Nc3 Bg7 5. Be3 Qb6 6. Qd2 Qxb2 7. Rb1 Qa3 8. Bd3
Nd7 9. Nge2 e5 10. f4 exf4 11. Bxf4 Ne7 12. O-O O-O 13. Rb3 Qa5 14. Nxd5 Qd8
15. Bc7 Qe8 16. Nxe7+ Qxe7 17. Qf4 Qe6 18. Bd6 Re8 19. e5 Nb6 20. Qf2 Rd8 21.
Ng3 Qe8 22. Ne4 Be6 23. Rbb1 Bf5 24. Nc5 Bxd3 25. cxd3 Rdc8 26. a4 Bf8 27. a5
Bxd6 28. exd6 Nd7 29. Rbe1 1-0

[Event "Gibtelecom Festival 2010 - Masters"]
[Site "Gibraltar ENG"]
[Date "2010.01.31"]
[Round "6.30"]
[White "Cmilyte, Viktorija"]
[Black "Tate, Alan"]
[Result "0-1"]
[WhiteElo "2489"]
[BlackElo "2211"]
[PlyCount "104"]
[EventDate "2010.01.26"]
[EventType "swiss"]
[EventRounds "10"]
[EventCountry "ENG"]
[Source "lmi"]
[SourceDate "2010.01.26"]

1. d4 Nf6 2. c4 c5 3. Nf3 cxd4 4. Nxd4 e5 5. Nb5 d5 6. cxd5 Bc5 7. N5c3 O-O 8.
h3 e4 9. g4 Qe7 10. e3 Ne8 11. Bg2 Nd6 12. Nd2 f5 13. Nb3 Na6 14. Qe2 Bd7 15.
Bd2 Rac8 16. a3 b5 17. gxf5 Rxf5 18. Nd4 Rg5 19. Bf1 Nc4 20. Ne6 Bxe6 21. dxe6
Rd8 22. Nxe4 Re5 23. Bg2 Rxd2 24. Nxd2 Nxe3 25. Be4 Qh4 26. Rc1 Rxe4 27. Nxe4
Qxe4 28. Rg1 Ng2+ 29. Rxg2 Qxg2 30. b4 Qg1+ 31. Qf1 Qg5 32. Rc2 Nxb4 33. Rd2
Nc6 34. Qd3 Qg1+ 35. Qf1 Qxf1+ 36. Kxf1 Bxa3 37. Ra2 Bb4 38. Rc2 Ne7 39. Rc7 a5
40. Rb7 g6 41. Rxb5 Kg7 42. Ke2 Kf6 43. Rb6 h5 44. h4 Kf5 45. Kf3 Nd5 46. Ra6
Ke5 47. Kg3 Ne7 48. f4+ Kd5 49. Rb6 Ke4 50. Rb5 Nf5+ 51. Kh3 Kxf4 52. Kh2 Kg4
0-1

[Event "Gibtelecom Festival 2010 - Masters"]
[Site "Gibraltar ENG"]
[Date "2010.01.31"]
[Round "6.32"]
[White "Boskovic, Drasko"]
[Black "Kawuma, Steven Male"]
[Result "1-0"]
[WhiteElo "2454"]
[BlackElo "2187"]
[PlyCount "93"]
[EventDate "2010.01.26"]
[EventType "swiss"]
[EventRounds "10"]
[EventCountry "ENG"]
[Source "lmi"]
[SourceDate "2010.01.26"]

1. e4 c5 2. Nf3 Nc6 3. d4 cxd4 4. Nxd4 Nf6 5. Nc3 e5 6. Ndb5 d6 7. a4 a6 8. Na3
Be6 9. Bc4 Be7 10. Bg5 O-O 11. Bxf6 Bxf6 12. Nd5 Rc8 13. O-O Bg5 14. c3 g6 15.
Qe2 Kh8 16. Rad1 Bh6 17. h3 f5 18. Nb6 Qxb6 19. Bxe6 Rcd8 20. exf5 Rf6 21. Nc4
Qc7 22. Ne3 Bxe3 23. fxe3 Qa5 24. g4 gxf5 25. Bxf5 Qc7 26. g5 Rff8 27. e4 Qg7
28. h4 Ne7 29. c4 Nc6 30. Qg4 Nd4 31. Rd3 Rde8 32. Rg3 Rd8 33. Kh2 Rde8 34. Rf2
Rd8 35. Rfg2 b6 36. Kh1 a5 37. Qh3 Nc6 38. h5 Ne7 39. Kh2 Rb8 40. Bxh7 Kxh7 41.
g6+ Kh6 42. Qg4 Qf6 43. Rf3 Qxf3 44. Qg5+ Kg7 45. Qxe7+ Rf7 46. gxf7+ Kh8 47.
Qe8+ 1-0

[Event "Gibtelecom Festival 2010 - Masters"]
[Site "Gibraltar ENG"]
[Date "2010.01.31"]
[Round "6.34"]
[White "Lyell, Mark"]
[Black "Cori Tello, Deysi"]
[Result "0-1"]
[WhiteElo "2224"]
[BlackElo "2412"]
[PlyCount "68"]
[EventDate "2010.01.26"]
[EventType "swiss"]
[EventRounds "10"]
[EventCountry "ENG"]
[Source "lmi"]
[SourceDate "2010.01.26"]

1. e4 e6 2. d4 d5 3. exd5 exd5 4. Nf3 Bd6 5. c4 dxc4 6. Bxc4 Nf6 7. O-O O-O 8.
Qc2 Nc6 9. h3 Nb4 10. Qb3 Bf5 11. Na3 a5 12. Ne5 Bxe5 13. dxe5 Ne4 14. Qf3 Bg6
15. Re1 Nc5 16. Bf4 Ncd3 17. Red1 Qd4 18. Bxd3 Nxd3 19. Bg3 Qxb2 20. Nc4 Qc3
21. Ne3 c6 22. Nf5 Bxf5 23. Qxf5 Rad8 24. Rab1 Qc2 25. Bh4 Rd5 26. Be7 Rxe5 27.
Qd7 Qxf2+ 28. Kh1 Re2 29. Rg1 Qe3 30. Bd6 Rd2 31. Qc7 Re8 32. Rxb7 Nf2+ 33. Kh2
Ng4+ 34. Kh1 Qxg1+ 0-1

[Event "Gibtelecom Festival 2010 - Masters"]
[Site "Gibraltar ENG"]
[Date "2010.01.31"]
[Round "6.35"]
[White "Ivanov, Stojan Emilov"]
[Black "Nezad, Husein Aziz"]
[Result "1-0"]
[WhiteElo "2198"]
[BlackElo "2408"]
[PlyCount "73"]
[EventDate "2010.01.26"]
[EventType "swiss"]
[EventRounds "10"]
[EventCountry "ENG"]
[Source "lmi"]
[SourceDate "2010.01.26"]

1. Nf3 Nf6 2. d4 e6 3. c4 c5 4. Nc3 d5 5. cxd5 exd5 6. g3 Nc6 7. Bg2 cxd4 8.
Nxd4 Be7 9. O-O O-O 10. Nxc6 bxc6 11. e4 d4 12. Na4 c5 13. Bg5 Nd7 14. Bxe7
Qxe7 15. Rc1 Rd8 16. Qd2 Ba6 17. Rfd1 Rac8 18. Qa5 Be2 19. Rd2 Bh5 20. b4 Ne5
21. Nxc5 Nf3+ 22. Bxf3 Bxf3 23. Qa3 Qg5 24. Qd3 a5 25. Rdc2 Qh5 26. bxa5 Rc6
27. h4 g5 28. Nd7 Rd6 29. Ne5 Bg4 30. Nxg4 Qxg4 31. hxg5 Qxg5 32. Rc5 Qg4 33.
Kg2 Rh6 34. Rh1 Rxh1 35. Kxh1 Qh3+ 36. Kg1 Rd6 37. Rd5 1-0

[Event "Gibtelecom Festival 2010 - Masters"]
[Site "Gibraltar ENG"]
[Date "2010.01.31"]
[Round "6.38"]
[White "Gandrud, Vegar Koi"]
[Black "Solomon, Kenny"]
[Result "1/2-1/2"]
[WhiteElo "2158"]
[BlackElo "2368"]
[PlyCount "86"]
[EventDate "2010.01.26"]
[EventType "swiss"]
[EventRounds "10"]
[EventCountry "ENG"]
[Source "lmi"]
[SourceDate "2010.01.26"]

1. d4 Nf6 2. c4 e6 3. Nf3 c5 4. d5 exd5 5. cxd5 d6 6. Nc3 g6 7. h3 Bg7 8. e4
O-O 9. Bd3 a6 10. a4 Nbd7 11. O-O Nh5 12. Bg5 Bf6 13. Bh6 Re8 14. g4 Ng7 15.
Bf4 Qe7 16. Qd2 Ne5 17. Nxe5 Bxe5 18. Rae1 h5 19. f3 b6 20. Qh2 f6 21. Kh1 Ra7
22. Re2 Rc7 23. Bc4 Rf8 24. Rd1 Kh7 25. Qg3 Rh8 26. Kg2 Kg8 27. Rde1 h4 28. Qh2
Kh7 29. Bxe5 dxe5 30. Rd2 Rd7 31. Kh1 Ne8 32. Qe2 Nc7 33. Nd1 Rd6 34. Ne3 Bd7
35. Bxa6 Ra8 36. Bb5 Nxb5 37. axb5 Ra5 38. Qf2 Bxb5 39. Qxh4+ Kg8 40. Nf5 gxf5
41. gxf5 Qh7 42. Rg1+ Kh8 43. Rdg2 Qxh4 1/2-1/2

[Event "Gibtelecom Festival 2010 - Masters"]
[Site "Gibraltar ENG"]
[Date "2010.01.31"]
[Round "6.40"]
[White "Demac, Elias"]
[Black "Calzetta Ruiz, Monica"]
[Result "1-0"]
[WhiteElo "2104"]
[BlackElo "2359"]
[PlyCount "81"]
[EventDate "2010.01.26"]
[EventType "swiss"]
[EventRounds "10"]
[EventCountry "ENG"]
[Source "lmi"]
[SourceDate "2010.01.26"]

1. d4 Nf6 2. c4 c5 3. d5 b5 4. Nf3 g6 5. cxb5 Bg7 6. Nc3 Bb7 7. e4 e6 8. Bc4
exd5 9. exd5 O-O 10. O-O d6 11. Bf4 Re8 12. Re1 Nbd7 13. Qd3 Nb6 14. a4 Qd7 15.
b3 Nh5 16. Bd2 Bxc3 17. Qxc3 Nxd5 18. Bxd5 Bxd5 19. Bh6 f6 20. Red1 Qf7 21. g4
Ng7 22. Ng5 fxg5 23. Rxd5 Ne6 24. Rxd6 Nd4 25. Qc4 Nxb3 26. Qxf7+ Kxf7 27. Rd7+
Ke6 28. Rad1 Nd4 29. Rxh7 Rad8 30. Kg2 Ne2 31. Rxd8 Rxd8 32. Bxg5 Rd4 33. Rxa7
Nc3 34. h3 Nxa4 35. Ra6+ Kd7 36. Rxg6 Rb4 37. Rg7+ Kc8 38. f4 c4 39. f5 c3 40.
f6 Nc5 41. f7 1-0

[Event "Gibtelecom Festival 2010 - Masters"]
[Site "Gibraltar ENG"]
[Date "2010.01.31"]
[Round "6.41"]
[White "Weber, Francois"]
[Black "Lovik, Lasse Ostebo"]
[Result "0-1"]
[WhiteElo "2149"]
[BlackElo "2343"]
[PlyCount "112"]
[EventDate "2010.01.26"]
[EventType "swiss"]
[EventRounds "10"]
[EventCountry "ENG"]
[Source "lmi"]
[SourceDate "2010.01.26"]

1. e4 e5 2. Nf3 Nc6 3. Nc3 g6 4. Bc4 Bg7 5. O-O Nge7 6. d3 O-O 7. Bg5 h6 8. Be3
Kh7 9. d4 exd4 10. Nxd4 Ne5 11. Be2 d5 12. f4 Nc4 13. Bxc4 dxc4 14. Rf2 Bd7 15.
Qf1 Nc6 16. Nde2 f5 17. e5 Be6 18. Rd1 Qe7 19. Nd5 Qf7 20. Nec3 Rfd8 21. Rfd2
Rd7 22. a3 Rad8 23. Nb4 Nxb4 24. Rxd7 Rxd7 25. Rxd7 Qxd7 26. axb4 Bf8 27. b5
Bb4 28. Qd1 Qxd1+ 29. Nxd1 b6 30. Bd4 Bd7 31. Ne3 Bxb5 32. Nd5 c5 33. Be3 Bc6
34. Nf6+ Kg7 35. c3 Ba5 36. g4 fxg4 37. Nxg4 h5 38. Nf6 Kf7 39. Kf2 Ke6 40. h4
a6 41. Ke2 Kf5 42. Kf2 b5 43. Bxc5 Kxf4 44. Bd6 Bd8 45. Ke2 Kf5 46. Ke3 Bb6+
47. Ke2 Bg1 48. Ng8 Ke6 49. Ne7 Be8 50. Kf3 Bh2 51. Ke4 Bg3 52. Ng8 Bc6+ 53.
Ke3 Bxh4 54. Bc7 Bg3 55. Nh6 h4 56. Ng4 h3 0-1

[Event "Gibtelecom Festival 2010 - Masters"]
[Site "Gibraltar ENG"]
[Date "2010.01.31"]
[Round "6.42"]
[White "Reizniece, Dana"]
[Black "Goodger, Martyn"]
[Result "1-0"]
[WhiteElo "2341"]
[BlackElo "2147"]
[PlyCount "73"]
[EventDate "2010.01.26"]
[EventType "swiss"]
[EventRounds "10"]
[EventCountry "ENG"]
[Source "lmi"]
[SourceDate "2010.01.26"]

1. c4 f5 2. Nc3 Nf6 3. g3 d6 4. Bg2 e5 5. d3 Be7 6. e3 O-O 7. Nge2 c6 8. O-O
Qe8 9. f4 Na6 10. b3 Bd7 11. Qd2 Kh8 12. Bb2 Ng4 13. h3 Nh6 14. Rae1 Qh5 15.
Nd1 Bf6 16. Nf2 Rfe8 17. e4 Qf7 18. exf5 Nxf5 19. Ne4 Qe6 20. g4 Nh4 21. f5 Qg8
22. Nxd6 Nxg2 23. Kxg2 Bh4 24. Nxe8 Bxe1 25. Rxe1 Rxe8 26. Ng3 c5 27. Rxe5 Bc6+
28. Kf2 Nc7 29. Rxc5 Qf8 30. Re5 Qd6 31. Rxe8+ Nxe8 32. Qe3 b5 33. Qd4 Qc7 34.
Qe5 Qb6+ 35. Bd4 Qa5 36. Qc5 Qd2+ 37. Ne2 1-0

[Event "Gibtelecom Festival 2010 - Masters"]
[Site "Gibraltar ENG"]
[Date "2010.01.31"]
[Round "6.43"]
[White "Freuler, Roman"]
[Black "Sedina, Elena"]
[Result "0-1"]
[WhiteElo "2082"]
[BlackElo "2335"]
[PlyCount "80"]
[EventDate "2010.01.26"]
[EventType "swiss"]
[EventRounds "10"]
[EventCountry "ENG"]
[Source "lmi"]
[SourceDate "2010.01.26"]

1. e4 e6 2. d4 d5 3. e5 c5 4. c3 Qb6 5. a3 Nc6 6. Nf3 Nh6 7. Bd3 Bd7 8. Bc2
cxd4 9. cxd4 Nf5 10. Bxf5 exf5 11. Nc3 Be6 12. O-O Be7 13. b4 Rc8 14. Qd3 O-O
15. Bd2 Qd8 16. Rfc1 h6 17. Ne2 Qd7 18. Nf4 Nb8 19. Nh5 Rxc1+ 20. Rxc1 Rc8 21.
Re1 Qc6 22. Qe3 g5 23. g3 Qc2 24. h4 f4 25. gxf4 Qg6 26. Nf6+ Bxf6 27. fxg5 Be7
28. Kh1 hxg5 29. Nxg5 Bxg5 30. Qxg5 Qxg5 31. Bxg5 Nd7 32. Be7 Kh7 33. Rg1 Rc4
34. Rd1 Rc3 35. f4 Rf3 36. Bg5 Kg6 37. Rc1 Rxa3 38. Rc7 b6 39. Kg2 Rb3 40. Rxa7
Rxb4 0-1

[Event "Gibtelecom Festival 2010 - Masters"]
[Site "Gibraltar ENG"]
[Date "2010.01.31"]
[Round "6.45"]
[White "Dasaolu, Adeoye"]
[Black "Kantans, Toms"]
[Result "0-1"]
[WhiteElo "2068"]
[BlackElo "2303"]
[PlyCount "84"]
[EventDate "2010.01.26"]
[EventType "swiss"]
[EventRounds "10"]
[EventCountry "ENG"]
[Source "lmi"]
[SourceDate "2010.01.26"]

1. Nf3 c5 2. c4 Nc6 3. g3 g6 4. Bg2 Bg7 5. O-O e5 6. Nc3 Nge7 7. d3 O-O 8. Nd5
d6 9. Rb1 Rb8 10. a3 b5 11. Bg5 bxc4 12. dxc4 Bf5 13. Qa4 f6 14. Bd2 Bxb1 15.
Rxb1 e4 16. Ne1 f5 17. b4 cxb4 18. Nxe7+ Nxe7 19. axb4 Nc8 20. Rc1 Qe8 21. Qa2
Qf7 22. Nc2 Nb6 23. Na3 Rfc8 24. Bf1 Nd7 25. Rc2 Ne5 26. Kg2 d5 27. cxd5 Rxc2
28. Nxc2 Rd8 29. Ne3 g5 30. Qa5 Rd7 31. f4 gxf4 32. gxf4 Ng6 33. Be1 Nxf4+ 34.
Kh1 Bd4 35. Qa3 Qg6 36. Bg3 Nh5 37. Bb8 f4 38. Bh3 Rg7 39. Be6+ Kh8 40. Ng4 Nf6
41. Qa6 Rg8 42. Bxg8 Qxg4 0-1

[Event "Gibtelecom Festival 2010 - Masters"]
[Site "Gibraltar ENG"]
[Date "2010.01.31"]
[Round "6.46"]
[White "Jacobsen, Fredrik Beer"]
[Black "Kozlov, Oleg"]
[Result "0-1"]
[WhiteElo "1952"]
[BlackElo "2279"]
[PlyCount "62"]
[EventDate "2010.01.26"]
[EventType "swiss"]
[EventRounds "10"]
[EventCountry "ENG"]
[Source "lmi"]
[SourceDate "2010.01.26"]

1. e4 c5 2. Nc3 a6 3. a4 Nc6 4. f4 g6 5. Nf3 Bg7 6. Bc4 e6 7. f5 Nge7 8. d3 d5
9. Ba2 dxe4 10. dxe4 Qxd1+ 11. Kxd1 gxf5 12. exf5 Nxf5 13. Ne4 b6 14. g4 Nfd4
15. Nd6+ Ke7 16. Nxc8+ Raxc8 17. Nxd4 cxd4 18. Bd2 Ne5 19. Re1 d3 20. c3 Nf3
21. Re4 h5 22. g5 Nxh2 23. g6 Ng4 24. Be1 Be5 25. Bh4+ f6 26. Kd2 Rhg8 27.
Bxf6+ Bxf6 28. Bxe6 Bg5+ 29. Ke1 Kf6 30. Bxc8 Rxc8 31. Rd1 Kf5 0-1